<?xml version="1.0" encoding="UTF-8"?>
<record
    xmlns:xsi="http://www.w3.org/2001/XMLSchema-instance"
    xsi:schemaLocation="http://www.loc.gov/MARC21/slim http://www.loc.gov/standards/marcxml/schema/MARC21slim.xsd"
    xmlns="http://www.loc.gov/MARC21/slim">

  <leader>00711nma a22002057a 4500</leader>
  <controlfield tag="005">20210325190317.0</controlfield>
  <controlfield tag="006">g           q   ||</controlfield>
  <controlfield tag="008">      s2523    th                  thaeng</controlfield>
  <datafield tag="041" ind1=" " ind2=" ">
    <subfield code="a">thaeng</subfield>
  </datafield>
  <datafield tag="090" ind1=" " ind2=" ">
    <subfield code="a">MAP5441 IV</subfield>
  </datafield>
  <datafield tag="245" ind1="1" ind2="0">
    <subfield code="a">&#xE2D;&#xE33;&#xE40;&#xE20;&#xE2D;&#xE20;&#xE39;&#xE40;&#xE02;&#xE35;&#xE22;&#xE27; [Map]</subfield>
  </datafield>
  <datafield tag="260" ind1="3" ind2=" ">
    <subfield code="a">&#xE01;&#xE23;&#xE38;&#xE07;&#xE40;&#xE17;&#xE1E;&#xE2F; : </subfield>
    <subfield code="b">&#xE01;&#xE23;&#xE21;&#xE41;&#xE1C;&#xE19;&#xE17;&#xE35;&#xE48;&#xE17;&#xE2B;&#xE32;&#xE23;, </subfield>
    <subfield code="c">2523</subfield>
  </datafield>
  <datafield tag="300" ind1=" " ind2=" ">
    <subfield code="a">1 &#xE41;&#xE1C;&#xE48;&#xE19; (&#xE21;&#xE32;&#xE15;&#xE23;&#xE32;&#xE2A;&#xE48;&#xE27;&#xE19; 1:</subfield>
    <subfield code="b">50,000)Colour</subfield>
  </datafield>
  <datafield tag="650" ind1="0" ind2="4">
    <subfield code="a">&#xE0A;&#xE31;&#xE22;&#xE20;&#xE39;&#xE21;&#xE34; -- &#xE41;&#xE1C;&#xE19;&#xE17;&#xE35;&#xE48;</subfield>
  </datafield>
  <datafield tag="650" ind1="0" ind2="4">
    <subfield code="a">&#xE2D;&#xE33;&#xE40;&#xE20;&#xE2D;&#xE20;&#xE39;&#xE40;&#xE02;&#xE35;&#xE22;&#xE27; -- &#xE0A;&#xE31;&#xE22;&#xE20;&#xE39;&#xE21;&#xE34; -- &#xE41;&#xE1C;&#xE19;&#xE17;&#xE35;&#xE48;</subfield>
  </datafield>
  <datafield tag="850" ind1=" " ind2=" ">
    <subfield code="a">NALT</subfield>
  </datafield>
  <datafield tag="942" ind1=" " ind2=" ">
    <subfield code="c">CD</subfield>
  </datafield>
  <datafield tag="997" ind1=" " ind2=" ">
    <subfield code="c">000000000025193</subfield>
    <subfield code="k">VC</subfield>
  </datafield>
  <datafield tag="998" ind1=" " ind2=" ">
    <subfield code="a">BENJALUCK</subfield>
  </datafield>
  <datafield tag="999" ind1=" " ind2=" ">
    <subfield code="c">25193</subfield>
    <subfield code="d">25193</subfield>
  </datafield>
  <datafield tag="952" ind1=" " ind2=" ">
    <subfield code="0">0</subfield>
    <subfield code="1">0</subfield>
    <subfield code="4">0</subfield>
    <subfield code="7">0</subfield>
    <subfield code="8">CAV</subfield>
    <subfield code="a">NALT</subfield>
    <subfield code="b">NALT</subfield>
    <subfield code="l">0</subfield>
    <subfield code="o">MAP 5441 IV</subfield>
    <subfield code="p">3961125532</subfield>
    <subfield code="r">2017-06-09 00:00:00</subfield>
    <subfield code="w">2017-06-09</subfield>
    <subfield code="y">CD</subfield>
  </datafield>
</record>
